000 01177nam a22002777a 4500
005 20240530110439.0
008 150416s2011 ua g b 000 0dara d
017 _a2011/8305
_bمصر . دار الكتب المصرية
020 _a9789774218715
040 _aEG-CaGPL
082 0 4 _221
_a320.9\
_bس ك
100 1 _aسميث ، بى. سى
_qبى. سى سميث
245 1 0 _aكيف نفهم سياسات العالم الثالث :
_bنظريات التغيير السياسى والتنمية /
_cتاليف بى. سى سميث ؛ ترجمة خليل كلفت
250 _aط1
260 _aالقاهرة :
_bالمركز القومى للترجمة ،
_c2011
300 _a611 ص ؛
_c24 سم
490 0 _aالمشروع القومى للترجمة ؛
_v1871
504 _aببليوجرافية : ص 551 - 609
650 0 4 _aالسياسة
_xنظريات
650 0 4 _aالعالم الثالث
_xالاحوال السياسية
650 0 4 _aالعالم الثالث
_xالحقوق السياسية
650 0 4 _aالنظم السياسية
700 0 _aخليل كلفت
_eمترجم
942 _2ddc
_cBK
999 _c61005
_d61005